Normal view MARC view
  • CITB-ConstructionSkills

Entry Corporate Name

Number of records used in: 15

001 - CONTROL NUMBER

  • control field: 4992

003 - CONTROL NUMBER IDENTIFIER

  • control field: SIRSI

005 - DATE AND TIME OF LATEST TRANSACTION

  • control field: 20190806150239.0

008 - FIXED-LENGTH DATA ELEMENTS

  • fixed length control field: 060727n| aaannaabn |n ana d

040 ## - CATALOGING SOURCE

  • Original cataloging agency: OSt
  • Transcribing agency: OSt

110 2# - HEADING--CORPORATE NAME

  • Corporate name or jurisdiction name as entry element: CITB-ConstructionSkills

670 ## - SOURCE DATA FOUND

  • Source citation: CITB-ConstructionSkills call on employers to offer apprenticeship places to meet industry demand, 2006